000 10986nas1a22012491i 4500
001 RU\NLR\INFOCOMM15\5000218721
005 20260408091918.0
011 _a0369-7290
035 _a(NLR Aleph) 003155495
090 _a3047808
_c3047808
100 _a20041116a19339999|||y0rusy50 ca
101 0 _arus
102 _aRU
110 _aafuzz 0|y|
200 1 _aОгнеупоры и техническая керамика
_eЕжемес. междунар. науч.-техн. и произв. журн.
_fУчредители: Предприятия и орг. огнеупор. пром-сти
210 _aМ.
_cМеталлургия
_d1933 -
300 _aПерерыв в изд.: 1942-1944
320 _aПредметный указатель материалов, помещенных в журнале "Огнеупоры" за 1933, 1934 и 1935 гг. / Гросс Г.О. (1935, № 12. - с. 944-956)
430 0 _12001#$aОгнеупоры
_tОгнеупоры
510 1 _aRefractories & technical ceramics
_zeng
712 0 2 _4570
_a"Росогнеупор", концерн
_9486544
_3RU\NLR\AUTH\889994866
712 0 1 _4570
_aСССР
_bНародный комиссариат тяжелой промышленности
_9371722
_3RU\NLR\AUTH\889938439
712 0 1 _aСССР
_bНародный комиссариат черной металлургии
_4570
712 0 1 _4570
_aСССР
_bГлавное управление огнеупорной промышленности
_9838895
_3RU\NLR\AUTH\8810171528
712 0 2 _aВсесоюзное НТО черной металлургии
_bЦентральное правление
_4570
712 0 2 _4570
_aРоссийское керамическое общество
_cСанкт-Петербург
_9347201
_3RU\NLR\AUTH\8810231119
801 1 _aRU
_bInfoComm
_c20041116
801 0 _aRU
_bNLR
_gPSBO
801 2 _aRU
_bNLR
_c20080215
_2rusmarc
852 _aNLR
_jП10/124
942 _cJOURNAL
980 _aRUSPER